| 000 | 00407nam a2200157Ia 4500 | ||
|---|---|---|---|
| 008 | 230312s9999||||xx |||||||||||||| ||und|| | ||
| 020 | _a9788120336681 | ||
| 082 |
_a621.384135 _bNEE-A |
||
| 100 | _aNeelakanta, Perambur S. | ||
| 245 | 0 | _aAntennas for Information Super Skyways | |
| 260 |
_bPHI Learning Private Ltd _aIndia _c2008 |
||
| 300 | _a525 | ||
| 546 | _aEng. | ||
| 650 | _aEngineering | ||
| 942 | _cBK | ||
| 999 |
_c6124 _d6124 |
||